000 00601nam a22002297a 4500
003 UA-OsUOA
001 22311
007 ta
008 20031218b un ||||| |||| 00| 0 ukr d
090 _a159.922
_bБ63
942 _cBK
040 _aUA-OsUOA
_brus
_cUA-OsUOA
_dUA-OsUOA
245 _aБиологическое и социальное в развитии человека
_cРед. А. М.Чечановский
300 _a226 с.
955 _a0
041 _arus
080 _a159.922
260 _aМосква
_bНаука
_c1977
044 _aRU
650 7 _2UDC
999 _c308528
_d308528